000 00648nam a22002177a 4500
003 OSt
005 20140310183039.0
008 130222t xxu||||| |||| 00| 0 eng d
020 _a9789715849173
050 _aHC 110
_b.Ar781 2010
082 _aFIL 301.308
_b.Ar781 2010
245 _aEcological crisis: our responsibility
_cArsenio, Romulo Santiago & Valencia-Arsenio, Lourdes Monarca
_bLet us amend our lives
260 _aQuezon City
_bC&E Publishing, Inc.
_c2010
300 _a233 p.
_c21 cm.
521 _acollege students
526 _c1210L-1700L
541 _j1
541 _j2
562 _e1
942 _2lcc
_cBK
_kFIL
999 _c18515
_d18515